000 01103nam a22001937a 4500
999 _c64056
_d64056
003 Ge_BSU
005 20260317150950.0
008 260317s1971 ge ||||| |||| 00| 0 geo d
041 _ageo
080 _a338(47+57)(09)(075.8) ბ-37
100 _aბახტაძე, ვალერიან
_927150
245 _aსსრ კავშირის ეკონომიური ისტორია :
_bსახელმძღვანელო ეკონ. ფაკ-ტის სტუდენტებისათვის. ნაწ. 2, 1917-1970 წწ. /
_cვალერიან ბახტაძე, გრიგოლ ჩიჩუა, ვალერიან ადვაძე.
264 _aთბილისი :
_bთბილ. უნ-ტის გამ-ბა,
_c1971.
300 _a193 გვ.
_b22 ცმ.
653 _aსსრ კავშირის ეკონომიკის ისტორია
700 _aჩიჩუა, გ.
_eავტორი
_927151
700 _aადვაძე, ვ.
_eავტორი
_926241
942 _2udc
_cᲬᲘᲒᲜᲘ